| 000 | 01237nam0a22002651 4500 | ||
|---|---|---|---|
| 001 | rc\4907735 | ||
| 005 | 20250612203124.0 | ||
| 035 | _a(NLR Aleph) 008836221 | ||
| 090 |
_a8313913 _c8313913 |
||
| 100 | _a20130426d1967 |||y0rusy50 ca | ||
| 101 | 1 |
_arus _cund |
|
| 102 | _aRU | ||
| 105 | _aab z ||||| | ||
| 200 | 1 |
_aГеология ртутного рудника Идрия (Югославия) _fСокр. пер. (реферат) В.П. Федорчука по работам: Boris Berce. The prohblem on structure and origin of the Hg oredeposit Idrija. Economic Geology, v 60, № 7, 1965... (и др.) _gМ-во геологии СССР. ОНТИ ВИЭМС |
|
| 210 |
_aМосква _cБ. и. _d1967 |
||
| 215 |
_a30 с. _cкарт., схем. _d20 |
||
| 225 | 1 |
_aОбзор _iСерия: Геология месторождений полезных ископаемых; региональная геология _v№ 4 |
|
| 300 | _aОтпеч. множит. аппаратом | ||
| 700 | 1 |
_aФедорчук _bВ.П. _f1921- _gВиктор Парфентьевич |
|
| 702 | 1 |
_aФедорчук _bВ.П. _4730 |
|
| 801 | 0 |
_aRU _bNLR _gpsbo |
|
| 801 | 1 |
_aRU _bELAR _2rusmarc |
|
| 852 |
_aNLR _jП7/1087 |
||
| 942 | _cBOOK | ||
| 980 | _aNB | ||